Probabilistic Graphical Models : Principles and Techniques /

Uloženo v:
Podrobná bibliografie
Hlavní autor: Koller, Daphne (autor)
Další autoři: Friedman, Nir (autor) (autor)
Médium: Kniha
Jazyk:angličtina
Vydáno: Cambridge, EUA : Massachusetts Institute of Technology, 2009, c2009
Témata:
Tagy: Přidat tag
Žádné tagy, Buďte první, kdo vytvoří štítek k tomuto záznamu!

MARC

LEADER 00000nam^a2200000^a^4500
001 000421570
005 20250521000000.0
009 20260310122539.77
020 |a 978-0-262-01319-2 
037 |a Acervo ITESO - Biblioteca 
041 |a ING 
082 |a 519. 23  |b KOL 
100 |a Koller, Daphne  |e (autor) 
245 1 0 |a Probabilistic Graphical Models :  |b Principles and Techniques /  |c D. Koller, N. Friedman. 
264 4 |a Cambridge, EUA :  |b Massachusetts Institute of Technology,  |c 2009, c2009 
300 |a XXXV, 1233 p. 
336 |a texto  |b txt  |2 rdacontenido 
337 |a sin mediación  |b n  |2 rdamedio 
338 |a volumen  |b nc  |2 rdasoporte 
521 |a Peticiones 2021 
649 |a XX 
650 |a Proceso de Datos 
650 |a Métodos Gráficos -  |x Tema Principal 
650 |a Modelos Matemáticos -  |x Tema Principal 
650 |a Toma de Decisiones -  |x Teoría 
650 |a Estadística Bayesiana 
650 |a Estadística 
650 |a Probabilidad -  |x Tema Principal 
650 |a Matemáticas 
700 |a Friedman, Nir  |e (autor) 
910 |a Fondo General 
920 |a Impresos - Libros 
930 |a Colección General 
905 |a 101 
901 |a 0500317330  |b IT1  |c ACC  |i C173321  |u 20250521 
902 |a https://opac.biblio.iteso.mx/vufind/Record/000421570